logo

Bir Sreshtho Munshi Abdur Rouf Library
Jhenaidah Cadet College

প্রথম দিনের সূর্য : (Record no. 7752)

MARC details
000 -LEADER
fixed length control field 00749nam a2200241 a 4500
001 - CONTROL NUMBER
JCCL Control Number 7752
003 - CONTROL NUMBER IDENTIFIER
JCCL marc code BD-JhCC
005 - DATE AND TIME OF LATEST TRANSACTION
control field 20181006123924.0
008 - FIXED-LENGTH DATA ELEMENTS--GENERAL INFORMATION
fixed length control field 180213s20 bg a|||| ||a| 000 0 ben d
020 ## - INTERNATIONAL STANDARD BOOK NUMBER
International Standard Book Number 9844652944
035 ## - SYSTEM CONTROL NUMBER
system control number (BD-JhCC)7752
040 ## - CATALOGING SOURCE
Original cataloging agency BD-JhCC
Modifying agency BD-JhCC
041 ## - LANGUAGE CODE
Language code of Book ben
082 ## - DEWEY DECIMAL CLASSIFICATION NUMBER
Classification number 923.1
Author mark and Year SAI 2003
100 ## - MAIN ENTRY--PERSONAL NAME
Personal name সাঈদ, শামসুল আলম.
245 ## - TITLE STATEMENT
Title প্রথম দিনের সূর্য :
Remainder of title সূর্য সেন /
Statement of responsibility, etc শামসুল আলম সাঈদ.
260 ## - PUBLICATION, DISTRIBUTION, ETC. (IMPRINT)
Place of publication, distribution, etc ঢাকা :
Name of publisher, distributor, etc সাহিত্য প্রকাশ ;
Date of publication, distribution, etc 2003.
300 ## - PHYSICAL DESCRIPTION
Pagination 195 p. :
Other physical details ill;
Dimensions 21 cm.
600 ## - SUBJECT ADDED ENTRY--PERSONAL NAME
Personal name সেন,সূর্য
651 ## - SUBJECT ADDED ENTRY--GEOGRAPHIC NAME
Geographic name Biography
942 ## - ADDED ENTRY ELEMENTS (KOHA)
Source of classification or shelving scheme Library of Congress Classification
Koha item type Books
Holdings
Source of classification or shelving scheme Damaged status Not for loan Home library Current library Shelving location Cost, normal purchase price Total Checkouts Full call number Barcode Date last seen Copy number Koha item type
Dewey Decimal Classification     JCC Rouf Library JCC Rouf Library General Stacks 150.00   923.1 SAI 2003 9873 02/13/2018 C - 1 Books

JCC Library | Contacts | JCC Home

Last Update on 23 September 2017
Copyright @ 2017-2020 JCC Rouf Library
Rouf Library, Jhenidah Cadet College (JCC), Bangladesh